01007nam a22002417a 450000500170000000800410001702000180005805000160007610000290009224500990012125000160022026000510023630000160028750000560030350501540035965000340051365000300054765000260057765000350060370000380063870000410067670000480071720231102151742.0140820s2011 sp ak||| |||| 00| 0 spa d a978842053524107aLB1051bM39 aMayer, Richard E.eautor13aPsicología de la educacióncRichard E.Mayerb: el aprendizaje en las areas de conocimiento a1a edicion  aMadrid, España b: Pearson Educaciónc2011 a264 paginas aIndice de materias,Indice de autores y referencias  aIntroducción al aprendizaje en las diferentes áreas de conocimiento. Flacidez lectora. Comptención lectora. Escritura. Matemáticas. Ciencias.17aPSICOPEDAGOGÍAvAPRENDIZAJE17aPSICOLOGÍAvEDUCACIÓN17aCOMPRENSIÓN LECTORA17aPSICOLOGÍA DE LA EDUCACIÓN aNavarro José Ignacioetraductor aNavarro Catellet, Brendaetraductora aBueno, José Antonioerevición técnica